Kontrolovali najmä pôvodcov odpadu

Slovenská inšpekcia životného prostredia (SIŽP) má šesť odborných útvarov. Patrí k nim aj inšpekcia odpadového hospodárstva (OH). Kontroly sledujú dodržiavanie zákonov týkajúcich sa odpadového hospodárstva. Kde sa vykonávajú kontroly. Ukladanie pokút v zmysle správneho poriadku. Previerky v obciach....

Ausführliche Beschreibung

Gespeichert in:
Bibliographische Detailangaben
1. Verfasser: Ďurďovičová, Jarmila
Format: Buchkapitel
Sprache:Slowakisch
Schlagworte:
Tags: Tag hinzufügen
Keine Tags, Fügen Sie das erste Tag hinzu!

MARC

LEADER 00000naa$a2200000$$$4500
001 0043442
005 20231016084945.4
041 0 |a slo 
044 |a SK 
245 1 0 |a Kontrolovali najmä pôvodcov odpadu  |c Jarmila Ďurďovičová 
520 |a Slovenská inšpekcia životného prostredia (SIŽP) má šesť odborných útvarov. Patrí k nim aj inšpekcia odpadového hospodárstva (OH). Kontroly sledujú dodržiavanie zákonov týkajúcich sa odpadového hospodárstva. Kde sa vykonávajú kontroly. Ukladanie pokút v zmysle správneho poriadku. Previerky v obciach. Uložené pokuty. Spolupráca v rámci únie. 
610 2 0 |a odpad 
610 2 0 |a hospodárstvo odpadové 
610 2 0 |a predpisy právne 
610 2 0 |a kontrola 
610 2 0 |a obce 
610 2 0 |a pokuty 
610 2 0 |a Slovensko 
100 1 |a Ďurďovičová, Jarmila